Statistics for Biggest Cities in Ohio

Click here to take the quiz!

General Stats

  • This quiz has been taken 26,587 times
    (4,973 since last reset)
  • The average score is 8 of 20

Answer Stats

Population City % Correct
383,793Cleveland
96%
892,533Columbus
94%
302,605Cincinnati
93%
198,006Akron
74%
274,975Toledo
73%
140,640Dayton
73%
64,958Youngstown
42%
70,458Canton
37%
59,282Springfield
32%
78,751Parma
19%
62,174Hamilton
18%
48,647Dublin
18%
53,881Elyria
17%
64,028Lorain
17%
50,100Lakewood
15%
49,272Cuyahoga Falls
14%
55,103Kettering
13%
50,029Newark
13%
47,391Beavercreek
11%
48,861Middletown
10%

Score Distribution

Percentile by Number Answered

Percent of People with Each Score

Your Score History

You have not taken this quiz since the last reset